000 00821nam a22002177a 4500
999 _c693
_d693
003 AR-CdUCM
008 190225b ||||| |||| 00| 0 spa d
040 _aMUNICIPALIDAD PROVINCIAL DEL CUSCO
_cBIBLIOTECA MUNICIPAL DEL CUSCO
082 _a338.17 /
_bB38
100 _aBenítez, José A.
_92676
245 _aLas Antillas :
_bcolonización, azúcar e imperialismo /
260 _aCuba :
_bCasa de las américas,
_c1977.
300 _a332 páginas ;
_c19 cm.
500 _aDonación familia Nieto.
505 _aContenido: Brebaje de brujas -- El oro blanco de las Antillas -- De Colbert a la revolución haitiana -- Los holandeses en el Caribe -- La trata en el Caribe ...
650 _aMonopolio
_92677
650 _aEconomía
_9382
650 _aImperialista
_92678
942 _2ddc
_cLIBROS
945 _aafb
_d2019-02-25